000 00583cam a2200145 4500500
005 20251228072921.0
041 _afre
042 _adc
100 1 0 _aIon, Cristina
_eauthor
245 0 0 _aMACHIAVEL, Discours sur la première décade de Tite-Live, édition d’Alessandro Fontana et Xavier Tabet, Paris, Gallimard, coll. « Bibliothèque de philosophie », 2004, 575 p.
260 _c2005.
500 _a58
786 0 _nCités | 24 | 4 | 2005-12-01 | p. 169c-185c | 1299-5495
856 4 1 _uhttps://shs.cairn.info/revue-cites-2005-4-page-169c?lang=fr&redirect-ssocas=7080
999 _c1594450
_d1594450